01001 2200373 4500001002100000005001700021008004100038020002200079035002400101040001200125082001800137084002000155100001500175245008200190250001100272260003000283300002900313504002800342650002000370700000900390850001200399990001800411990001800429990001800447990001800465990001800483990001800501990001800519990001800537990001800555990001800573990001800591990001800609INLIS00000000000493720170113140733.0  a978-602-9434-97-2 0010-051500000000070 aYOPDYOG 2[23]a155.455 aT 155.455 Fah K aFAHMI Fasa aKehidupan sosial dan emosional anak-anak berbakatc/ Fahmi Fasa; Editor, Qoni aCet. 1 aYogyakartabFamiliac2013 aviii, 80 hlm.c; 20,5 cm aBibliografi: hlm. 79-80 aAnak luar biasa aQONI aYOPDYOG a16526-PD/B.15 a16527-PD/B.15 a16528-PD/B.15 a16529-PD/B.15 a16530-PD/B.15 a16531-PD/B.15 a16526-PD/B.15 a16527-PD/B.15 a16528-PD/B.15 a16529-PD/B.15 a16530-PD/B.15 a16531-PD/B.15